12. konferencia závodných a podnikových vodohospodárov : Zborník prednášok, 16. - 18. 11. 1982 /
Saved in:
| Main Author: | |
|---|---|
| Corporate Author: | |
| Format: | Conference Proceeding Book |
| Language: | Slovak |
| Published: |
Žilina :
Dom techniky ČSVTS,
1982
|
| Online Access: |
|
| Tags: |
Add Tag
No Tags, Be the first to tag this record!
|
MARC
| LEADER | 00000nam a2200000 4500 | ||
|---|---|---|---|
| 003 | SK-BrCVT | ||
| 005 | 20220617204240.0 | ||
| 008 | 020801s1982 cs e ||||||slo d | ||
| 035 | |a CVTIDW0963982 | ||
| 040 | |b slo |a CVTI SR | ||
| 041 | 0 | |a slo | |
| 044 | |a cs | ||
| 080 | |a 626/627(061.3) |2 UDC-MRF | ||
| 100 | 1 | |a Šárnik, K. | |
| 111 | 0 | |a Zborník prednášok |f 16. - 18. 11. 1982 | |
| 245 | 1 | 0 | |a 12. konferencia závodných a podnikových vodohospodárov : |b Zborník prednášok, 16. - 18. 11. 1982 / |c Autori: K. Šárnik a kol. |
| 260 | |a Žilina : |b Dom techniky ČSVTS, |c 1982 | ||
| 300 | |a 207 s. | ||
| 692 | |a AS JM MM | ||
| 910 | |b A418459 | ||
| 974 | |f Knihy | ||
| 992 | |a AZN | ||
| 999 | |c 117851 |d 117851 | ||